000 01150nam a22003257a 4500
001 BR0303122
003 BR-BrBNA
005 20230928101308.0
007 ta
008 230509b bl.||||| |||| 00| 0 por d
040 _aBR-BrBNA
_bpor
_cBiblioteca Nacional de Agricultura
041 _a(Por)
072 _aL73
_b5212
_b4150
090 _ 5212 BR0303122
100 1 _aCosta, E.A.
110 1 _aUniversidade Federal de Minas Gerais, Belo Horizonte (Brasil). Escola de Veterinária
_0Tese (Mestre em Medicina Veterinária)
245 1 _aUtilização de parte da região codificadora da glicoproteína B para estudo e diferenciação dos herpesvírus bovino 1.1 (BoHV-1.1), herpesvírus bovino 1.2 (BoHV-1.2)e herpesvírus bovino 5 (BoHV-5)
260 3 _aBelo Horizonte, MG (Brasil):
_c2003.
300 _a38 p.
500 _aSummaries (Eng, Por); Bibliography p. 35-38; 6 tables; 7 illus.
650 _aBOVINO
650 _aHERPESVÍRUS
650 _aGLICOPROTEÍNA
650 _aVÍRUS
650 _aDIAGNÓSTICO
650 _aELETROFORESE
650 _aBIOLOGIA MOLECULAR
909 _a202309
_bLucia
_c55
_dLucia Elande
942 _cBK
999 _c65131
_d65131